000
00306nam a2200121Ia 4500
008
190216s9999||||xx |||||||||||||| ||und||
100
_a
Paul L Meyer
245
0
_a
Introductory Probability And Statistical Applications
260
_b
Kitab Mahal
_c
1970
300
_a
367p
650
_a
Statistics
942
_c
BK
999
_c
4051
_d
4051